000 00468nam a2200169 a 4500
001 0000-8746
003 ELIB.Books
008 110520 1962
035 _a(ELIB.Books)0000-8892
082 _a230
_bEcu
100 _aEcumenical Christian Center
245 _aTheology for our Times: Eco-Sensitivity
260 _bWhitefield: Indian School of Ecumenical Theology
_c1962
650 _aTheology
942 _2ddc
_cBK
998 _cbat
_e2011-05-20
999 _c8746
_d8746